Jupiter Global Reference Atmospheric Model (JUPITER-GRAM) : user guide /

Bibliographic Details
Main Authors: Justh, H. L. (Author), Cianciolo, A. M. Dwyer (Author), Hoffman, J. (Author)
Format: Government Document eBook
Language:English
Published: Huntsville, Alabama : National Aeronautics and Space Administration, Marshall Space Flight Center, September 2021.
Series:NASA technical memorandum ; 20210022058.
Subjects:
Online Access:https://purl.fdlp.gov/GPO/gpo171638

MARC

Tag First Indicator Second Indicator Subfields
LEADER 00000cam a2200000 i 4500
001 in00004572829
006 m o d f
007 cr |||||||||||
008 211110e202109 alua obt f000 0 eng d
005 20220513204032.6
035 |a (OCoLC)on1284993428 
040 |a GPO  |b eng  |e rda  |e pn  |c GPO  |d GPO  |d MvI 
049 |a WWW 
074 |a 0830-D (online) 
086 0 |a NAS 1.15:20210022058 
100 1 |a Justh, H. L.,  |e author. 
245 1 0 |a Jupiter Global Reference Atmospheric Model (JUPITER-GRAM) :  |b user guide /  |c H. L. Justh, A.M. Dwyer Cianciolo, J. Hoffman. 
264 1 |a Huntsville, Alabama :  |b National Aeronautics and Space Administration, Marshall Space Flight Center,  |c September 2021. 
300 |a 1 online resource (ix, 25 pages) :  |b color illustration. 
336 |a text  |b txt  |2 rdacontent 
337 |a computer  |b c  |2 rdamedia 
338 |a online resource  |b cr  |2 rdacarrier 
490 1 |a NASA/TM ;  |v 20210022058 
500 |a "September 2021." 
500 |a GPO Cataloging Record Distribution Program (CRDP). 
504 |a Includes bibliographical references (page 25). 
588 |a Description based on online resource, PDF version; title from title page (NASA, viewed on Nov. 10, 2021). 
650 7 |a Jupiter (planet)  |2 nasat 
650 7 |a Atmospheric models.  |2 nasat 
650 7 |a Atmospheric temperature.  |2 nasat 
700 1 |a Cianciolo, A. M. Dwyer,  |e author. 
700 1 |a Hoffman, J.,  |e author. 
710 2 |a George C. Marshall Space Flight Center,  |e issuing body. 
830 0 |a NASA technical memorandum ;  |v 20210022058. 
856 4 0 |u https://purl.fdlp.gov/GPO/gpo171638  |t 0 
999 f f |s f760eee3-c79c-4561-b50b-8914e378cbfb  |i 9b857575-88b2-4d09-ac7c-c95157390c71  |t 0 
952 f f |a Texas A&M University  |b College Station  |c Electronic Resources  |d Available Online  |t 0  |e NAS 1.15:20210022058  |h Superintendent of Documents classification 
998 f f |a NAS 1.15:20210022058  |t 0  |l Available Online